Clubs ayant le plus de joueurs au Tournoi des Six Nations 2026. - Statistiques

Statistiques générales
  • Ce quiz a été pris 35 fois
  • Le résultat moyen est 7 sur 12
Statistiques - réponses
Joueurs Sélections Clubs % Correct
15 46 Stade toulousain
97%
16 63 Leinster
71%
7 31 RC Toulon
71%
9 23 Edimbourg
59%
7 22 Munster
59%
17 61 Glasgow Warriors
59%
9 32 Northampton Saints
56%
8 23 Ulster
53%
9 28 Bath
53%
14 62 Benetton Trévise
47%
7 22 Leicester Tigers
41%
8 24 Scarlets
32%
Aucun quiz correspondant
Distribution des résultats
% des personnes avec chaque résultat
Percentile par nombre de réponses
Votre historique - résultats
Vous n’avez pas pris ce quiz